[Event "Winterthur op 10th"]
[Site "Winterthur"]
[Date "2010.10.12"]
[Round "4"]
[White "Gordic, Mihailo"]
[Black "Bhend, Edwin"]
[Result "0-1"]
[WhiteElo "2060"]
[BlackElo "2258"]
[PlyCount "106"]
[EventDate "2010.10.09"]
[EventType "swiss"]
[EventRounds "9"]
[EventCountry "SUI"]
[SourceTitle "CBM 138 Extra"]
[Source "ChessBase"]
[SourceDate "2010.10.29"]
[SourceVersion "1"]
[SourceVersionDate "2010.10.29"]
[SourceQuality "1"]

1. d4 d5 2. Nf3 Nc6 3. c4 Bg4 4. Nc3 e6 5. cxd5 exd5 6. Bf4 Bb4 7. e3 Nge7 8. Bd3 Ng6 9. Bg3 0-0 10. h3 Be6 11. 0-0 Be7 12. Rc1 a6 13. Na4 f5 14. Nc5 Bc8 15. Qd2 Bd6 16. a3 Bxg3 17. fxg3 Qd6 18. Kh2 Nd8 19. b4 b6 20. Na4 Bd7 21. Nc3 c6 22. Na4 Qb8 23. Nc3 Nf7 24. Qe2 Nd6 25. Qa2 Kh8 26. h4 Nf7 27. Ne2 Nh6 28. h5 Ng4+ 29. Kg1 Ne7 30. Qd2 Ng8 31. Nh2 N4h6 32. Nf4 Nf6 33. Nf3 Nfg4 34. Nh4 Qd6 35. Rf3 Rf6 36. Rcf1 Kg8 37. Qc2 Re8 38. Qd2 Ref8 39. Nh3 Qe7 40. Nf4 b5 41. a4 Nf7 42. axb5 axb5 43. Bxf5 Bxf5 44. Nxd5 cxd5 45. Nxf5 Rxf5 46. Rxf5 Qxe3+ 47. R1f2 Qxg3 48. R2f3 Qh2+ 49. Kf1 Qh1+ 50. Ke2 Re8+ 51. Kd3 Qb1+ 52. Qc2 Re3+ 53. Rxe3 Qxc2+ 0-1

[Event "Zuerich Seniors op 08th"]
[Site "Zuerich"]
[Date "2010.02.01"]
[Round "6"]
[White "Zesiger, Horst"]
[Black "Gordic, Mihailo"]
[Result "1/2-1/2"]
[WhiteElo "2148"]
[BlackElo "2091"]
[PlyCount "51"]
[EventDate "2010.01.25"]
[EventType "swiss"]
[EventRounds "9"]
[EventCountry "SUI"]
[SourceTitle "EXT 2022"]
[Source "ChessBase"]
[SourceDate "2021.10.06"]
[SourceVersion "1"]
[SourceVersionDate "2021.10.06"]
[SourceQuality "1"]

1. d4 d5 2. Nf3 Nf6 3. c4 e6 4. Bg5 Be7 5. Nc3 0-0 6. e3 h6 7. Bh4 b6 8. Bd3 Bb7 9. 0-0 Ne4 10. Bxe7 Qxe7 11. Qc2 Nxc3 12. bxc3 dxc4 13. Bxc4 Nd7 14. e4 Nf6 15. Rfe1 c5 16. d5 exd5 17. Bxd5 b5 18. c4 Nxd5 19. cxd5 a5 20. Rad1 Rfd8 21. d6 Rxd6 22. Qxc5 Re6 23. Qxb5 Rxe4 24. Rxe4 Qxe4 25. Re1 Qb4 26. Rb1 1/2-1/2

[Event "Zuerich Seniors op 08th"]
[Site "Zuerich"]
[Date "2010.01.26"]
[Round "2"]
[White "Wey, Hans"]
[Black "Gordic, Mihailo"]
[Result "0-1"]
[WhiteElo "1790"]
[BlackElo "2091"]
[PlyCount "66"]
[EventDate "2010.01.25"]
[EventType "swiss"]
[EventRounds "9"]
[EventCountry "SUI"]
[SourceTitle "EXT 2022"]
[Source "ChessBase"]
[SourceDate "2021.10.06"]
[SourceVersion "1"]
[SourceVersionDate "2021.10.06"]
[SourceQuality "1"]

1. e4 c5 2. Nf3 d6 3. d4 cxd4 4. Nxd4 Nf6 5. Nc3 g6 6. Be2 Bg7 7. Be3 Nc6 8. 0-0 0-0 9. Nb3 Be6 10. f4 Na5 11. f5 Bc4 12. fxg6 hxg6 13. Bd3 d5 14. exd5 Bxd5 15. Nxd5 Nxd5 16. Bc1 Qb6+ 17. Kh1 Rad8 18. Qe2 Nc6 19. Be4 Rd6 20. c4 Qa6 21. Re1 Nf6 22. Bd2 Nxe4 23. Qxe4 Bxb2 24. Rab1 Re6 25. Qc2 Rxe1+ 26. Rxe1 Qa3 27. Rb1 Bf6 28. Rf1 Rd8 29. Bc1 Nb4 30. Qe2 Qxa2 31. Qxa2 Nxa2 32. Ba3 Rd3 33. Rb1 Nc3 0-1

[Event "SUI-chT"]
[Site "Switzerland"]
[Date "2008.09.21"]
[Round "9.8"]
[White "Lamoureux, Izabelle"]
[Black "Gordic, Mihailo"]
[Result "1-0"]
[WhiteElo "2045"]
[BlackElo "2014"]
[PlyCount "51"]
[EventDate "2008.03.02"]
[EventType "team-tourn"]
[EventRounds "9"]
[EventCountry "SUI"]
[SourceTitle "EXT 2009"]
[Source "ChessBase"]
[SourceDate "2008.11.26"]
[SourceVersion "1"]
[SourceVersionDate "2008.11.26"]
[SourceQuality "1"]
[WhiteTeam "Lausanne"]
[BlackTeam "Gligoric"]
[WhiteTeamCountry "SUI"]
[BlackTeamCountry "SUI"]

1. e4 c5 2. Nf3 d6 3. d4 cxd4 4. Nxd4 Nf6 5. Nc3 g6 6. Be2 Bg7 7. 0-0 0-0 8. Bg5 Nc6 9. Nb3 Be6 10. Kh1 Na5 11. Nd5 Bxd5 12. exd5 Rc8 13. Nxa5 Qxa5 14. c4 Rfe8 15. Bd3 Nd7 16. Re1 Ne5 17. Re4 Qb4 18. Rb1 f5 19. Rh4 Rc7 20. Qe2 Rf8 21. b3 Qc3 22. Rd1 Bf6 23. Bxf6 exf6 24. f4 Ng4 25. h3 Re7 26. Qxe7 1-0

[Event "Winterthur op"]
[Site "Winterthur"]
[Date "2007.10.06"]
[Round "2"]
[White "Gordic, Mihailo"]
[Black "Bradford, Joseph M"]
[Result "0-1"]
[WhiteElo "2110"]
[BlackElo "2402"]
[PlyCount "68"]
[EventDate "2007.10.05"]
[EventType "swiss"]
[EventRounds "9"]
[EventCountry "SUI"]
[SourceTitle "CBM 120 Extra"]
[Source "ChessBase"]
[SourceDate "2007.11.01"]
[SourceVersion "1"]
[SourceVersionDate "2007.11.01"]
[SourceQuality "1"]

1. d4 Nf6 2. c4 c5 3. d5 b5 4. cxb5 a6 5. bxa6 d6 6. Nc3 Bxa6 7. Nf3 g6 8. g3 Bg7 9. Bg2 Nbd7 10. 0-0 Nb6 11. Re1 0-0 12. e4 Nfd7 13. Bf4 Nc4 14. Qc2 Qa5 15. Rac1 Rfb8 16. b3 Nce5 17. Nxe5 Nxe5 18. Bxe5 Bxe5 19. Ne2 c4 20. f4 Bg7 21. e5 dxe5 22. bxc4 Rb4 23. fxe5 Rxc4 24. Qb2 Rac8 25. Red1 Qc5+ 26. Kh1 Qe3 27. Rxc4 Bxc4 28. Qb7 Rf8 29. Nd4 Bxe5 30. Nf3 Bd6 31. a4 Rb8 32. Qc6 Be2 33. Qc1 Qb3 34. Nd4 Qxd1+ 0-1